• 首页
  • 本馆介绍
  • 公告通知
  • 最新文献
  • 馆藏检索
  • 电子资源
  • 读者导购
  • 参考咨询
  • 我的图书馆
  • 登录
  • 详细信息显示
  • 放入我的书架
  • 预约/预借图书
  • 作者相关作品
  • 分类相关作品
  • 丛书相关作品
  • 出版社相关作品

书目信息

  • 表格格式
  • 工作单格式
  • 卡片格式
题名:
创新力
    
 
作者: 刘彬彬 著
分册:  
出版信息: 北京   现代出版社  2014
页数: 200页
开本: 24cm
丛书名: 身心灵魔力书系—特质丛书
单 册:
中图分类: G305-49 , G305
科图分类:
主题词: 创造能力--能力培养--青少年读物
电子资源:
ISBN: 978-7-5143-1830-2
000 00773oam2 2200253 450
001 2367418437
005 20231109113009.83
010    @a978-7-5143-1830-2@dCNY39.80
100    @a20151327d2014 demy0chiy0110 ea
101 0  @achi
102    @aCN@b110000
105    @ay z 000yy
200 1  @a创新力@Achuang xin li@e江山代有才人出@f刘彬彬著
210    @a北京@c现代出版社@d2014
215    @a200页@d24cm
225 1  @a身心灵魔力书系—特质丛书
330    @a本书内容包括:创新—价值的提升、如何有效提升创新力、该用什么样的心态创新等。
461  0 @12001 @a身心灵魔力书系—特质丛书
606 0  @a创造能力@x能力培养@j青少年读物
690    @aG305-49@v5
690    @aG305@v4
701  0 @a刘彬彬@Aliu bin bin@4著
801  0 @aCN@b山东中教@c20230926
905    @aBZT@dG305@e45
    
    创新力:江山代有才人出/刘彬彬著.-北京:现代出版社,2014
    200页;24cm.-(身心灵魔力书系—特质丛书)
    
    
    ISBN 978-7-5143-1830-2:CNY39.80
    本书内容包括:创新—价值的提升、如何有效提升创新力、该用什么样的心态创新等。
●
相关链接 在五车中查询图书 在当当中查询图书 在豆瓣中查询图书


正题名:创新力     索取号:G305/45         预约/预借

序号 登录号 条形码 馆藏地/架位号 状态 备注
1 2000950665   2000950665   第四书库/四007架A面6层3列/ [索取号:G305/45] 在馆    
2 2000950666   2000950666   第四书库/四007架A面6层3列/ [索取号:G305/45] 在馆    
3 2000950667   2000950667   第四书库/四007架A面6层3列/ [索取号:G305/45] 在馆    
4 2000950668   2000950668   第四书库/四007架A面6层3列/ [索取号:G305/45] 在馆    
5 2000950669   2000950669   第四书库/四007架A面6层3列/ [索取号:G305/45] 在馆    
6 2000950670   2000950670   第四书库/四007架A面6层3列/ [索取号:G305/45] 在馆    
山东省滨州职业学院图书馆 欢迎您!
大连网信软件有限公司© 版权所有